Normal view
MARC view
- ARSENAULT, J.A,ROBERT, J.A
Entry Personal Name
001 - CONTROL NUMBER
- control field: 74978
003 - CONTROL NUMBER IDENTIFIER
- control field: NUST
005 - DATE AND TIME OF LATEST TRANSACTION
- control field: 20210628205328.0
008 - FIXED-LENGTH DATA ELEMENTS
- fixed length control field: 210628|| aca||aabn | a|a d
040 ## - CATALOGING SOURCE
- Original cataloging agency: NUST
- Transcribing agency: NUST
100 ## - HEADING--PERSONAL NAME
- Personal name: ARSENAULT, J.A,ROBERT, J.A
670 ## - SOURCE DATA FOUND
- Source citation: Work cat.: (NUST): ARSENAULT, J.A,ROBERT, J.A, RELIABILITY AND MAINTAINABILITY OF ELECTRONIC SYSTEM, 1980
